[Event "Neuquen Patagonia op 1st"]
[Site "Neuquen"]
[Date "2015.11.23"]
[Round "3"]
[White "Caparros, Rodrigo"]
[Black "Paveto, Kevin"]
[Result "0-1"]
[WhiteElo "1766"]
[BlackElo "2424"]
[PlyCount "48"]
[EventDate "2015.11.21"]
[EventType "swiss"]
[EventRounds "9"]
[EventCountry "ARG"]
[SourceTitle "CBM 169 Extra"]
[Source "ChessBase"]
[SourceDate "2015.12.18"]
[SourceVersion "1"]
[SourceVersionDate "2015.12.18"]
[SourceQuality "1"]

1. e4 e5 2. d4 exd4 3. Qxd4 Nc6 4. Qe3 Nf6 5. Nc3 Bb4 6. Bd2 0-0 7. 0-0-0 Re8 8. a3 Bxc3 9. Bxc3 Nxe4 10. Bc4 Nxc3 11. Qxc3 Ne5 12. Bb3 c6 13. f4 Ng4 14. Rf1 d5 15. h3 Ne3 16. Rf3 d4 17. Qc5 b6 18. Qxc6 Bf5 19. g4 d3 20. Rxe3 d2+ 21. Kd1 Rxe3 22. Ne2 Be4 23. Qc4 Bxh1 24. Nd4 Qh4 0-1